00476 2200193 4500001002100000005001500021008004100036020002200077035001900099041000700118082000800125090001700133100001800150245002900168260002800197300003000225500001000255650001700265INLIS00000000000507820241224113031241224||||||||| | ||| |||| || |  a978-602-1507-36-0 0010-1224005078 aid0 a613 a631.58 AGU S0 aAGUS KARDINAN00aSISTEM PERTANIAN ORGANIK amalangbINTIMEDIAc2016 axii, 116 HAL,; IL,; 23 CM aCET 1 0aIlmu Terapan